<?xml version="1.0" encoding="UTF-8"?>
<record
    xmlns:xsi="http://www.w3.org/2001/XMLSchema-instance"
    xsi:schemaLocation="http://www.loc.gov/MARC21/slim http://www.loc.gov/standards/marcxml/schema/MARC21slim.xsd"
    xmlns="http://www.loc.gov/MARC21/slim">

  <leader>00402nam a2200169Ia 4500</leader>
  <controlfield tag="008">230612s9999    xx            000 0 und d</controlfield>
  <datafield tag="041" ind1=" " ind2=" ">
    <subfield code="a">eng</subfield>
  </datafield>
  <datafield tag="082" ind1=" " ind2=" ">
    <subfield code="a">621.38 MOT</subfield>
  </datafield>
  <datafield tag="100" ind1=" " ind2=" ">
    <subfield code="a">Motorola</subfield>
  </datafield>
  <datafield tag="245" ind1=" " ind2=" ">
    <subfield code="a">High Speed Cmos Logic Data</subfield>
  </datafield>
  <datafield tag="260" ind1=" " ind2=" ">
    <subfield code="b">Motorola</subfield>
  </datafield>
  <datafield tag="300" ind1=" " ind2=" ">
    <subfield code="a">659</subfield>
  </datafield>
  <datafield tag="365" ind1=" " ind2=" ">
    <subfield code="c">Rs.</subfield>
    <subfield code="b">300.00</subfield>
  </datafield>
  <datafield tag="700" ind1=" " ind2=" ">
    <subfield code="a">Motorola</subfield>
  </datafield>
  <datafield tag="906" ind1=" " ind2=" ">
    <subfield code="d">B:1717013-Jan-1993</subfield>
    <subfield code="c">ETC </subfield>
    <subfield code="b">30</subfield>
  </datafield>
  <datafield tag="999" ind1=" " ind2=" ">
    <subfield code="c">165845</subfield>
    <subfield code="d">165845</subfield>
  </datafield>
  <datafield tag="952" ind1=" " ind2=" ">
    <subfield code="0">1</subfield>
    <subfield code="1">0</subfield>
    <subfield code="4">0</subfield>
    <subfield code="7">0</subfield>
    <subfield code="a">CCEP</subfield>
    <subfield code="b">CCEP</subfield>
    <subfield code="d">1993-01-20</subfield>
    <subfield code="e">Computer World</subfield>
    <subfield code="f">ETC </subfield>
    <subfield code="g">270.00</subfield>
    <subfield code="i">17170</subfield>
    <subfield code="o">621.38 MOT</subfield>
    <subfield code="p">CCEP-BK-1563</subfield>
    <subfield code="r">2023-06-12 00:00:00</subfield>
    <subfield code="t">30</subfield>
    <subfield code="v">300.00</subfield>
    <subfield code="w">1993-01-13</subfield>
    <subfield code="y">BK</subfield>
    <subfield code="z">001563</subfield>
  </datafield>
</record>
